20% Skills 80% Mindset / (Record no. 1882)
[ view plain ]
| 000 -LEADER | |
|---|---|
| fixed length control field | 00596nam a22002177a 4500 |
| 003 - CONTROL NUMBER IDENTIFIER | |
| control field | OSt |
| 005 - DATE AND TIME OF LATEST TRANSACTION | |
| control field | 20260305153902.0 |
| 008 - FIXED-LENGTH DATA ELEMENTS--GENERAL INFORMATION | |
| fixed length control field | 260305b |||||||| |||| 00| 0 eng d |
| 020 ## - INTERNATIONAL STANDARD BOOK NUMBER | |
| International Standard Book Number | 9789355624277 |
| 040 ## - CATALOGING SOURCE | |
| Language of cataloging | English |
| Transcribing agency | Central Library IIT Goa |
| 082 ## - DEWEY DECIMAL CLASSIFICATION NUMBER | |
| Classification number | 158.1 |
| Item number | GAD |
| 100 ## - MAIN ENTRY--PERSONAL NAME | |
| Personal name | Gadhvi, Dev |
| Relator term | author |
| 9 (RLIN) | 3706 |
| 245 ## - TITLE STATEMENT | |
| Title | 20% Skills 80% Mindset / |
| Statement of responsibility, etc. | Dev Gadhvi |
| 250 ## - EDITION STATEMENT | |
| Edition statement | 1/e |
| 260 ## - PUBLICATION, DISTRIBUTION, ETC. | |
| Place of publication, distribution, etc. | New Delhi : |
| Name of publisher, distributor, etc. | Prabhat Prakashan Pvt. Ltd. , |
| Date of publication, distribution, etc. | 2025 |
| 300 ## - PHYSICAL DESCRIPTION | |
| Extent | 214p. |
| 650 ## - SUBJECT ADDED ENTRY--TOPICAL TERM | |
| Topical term or geographic name entry element | Hindi--Motivation |
| 9 (RLIN) | 3707 |
| 650 ## - SUBJECT ADDED ENTRY--TOPICAL TERM | |
| Topical term or geographic name entry element | Success |
| 9 (RLIN) | 756 |
| 650 ## - SUBJECT ADDED ENTRY--TOPICAL TERM | |
| Topical term or geographic name entry element | Self-help techniques |
| 9 (RLIN) | 3708 |
| 942 ## - ADDED ENTRY ELEMENTS (KOHA) | |
| Source of classification or shelving scheme | Dewey Decimal Classification |
| Koha item type | Books |
| Withdrawn status | Lost status | Source of classification or shelving scheme | Damaged status | Not for loan | Collection code | Home library | Current library | Shelving location | Date acquired | Source of acquisition | Cost, normal purchase price | Total Checkouts | Full call number | Barcode | Date last seen | Copy number | Cost, replacement price | Price effective from | Koha item type | Public note |
|---|---|---|---|---|---|---|---|---|---|---|---|---|---|---|---|---|---|---|---|---|
| Dewey Decimal Classification | Hindi | IIT Goa Central Library | IIT Goa Central Library | Fiction | 2026-03-05 | Shankar's Book Agency Pvt. Ltd. | 400.00 | 158.1 GAD | 4627 | 2026-03-05 | 1 | 400.00 | 2026-03-05 | Books | IN36834/25-26||07-02-2026||25.00% |